000 00877nam a2200241 i 4500
001 167123
003 ES-MaACL
005 20250823063123.0
008 990223s1889 cu |||| | spa d
100 1 _aVega-Rey, Luis,
_d1853-1899
_9133584
245 1 0 _aNiñadas
_b: colección de artículos y cuentos /
_cLuis Vega-Rey ; con un prólogo de Aniceto Valdivia.
260 _aHabana :
_b[s.n.],
_c1889 (
_fTip. "El Español")
300 _a348 p. ;
_c19 cm.
530 _aDisponible en formato digital.
597 _aAntep.
597 _aLetras capitales ornadas.
700 1 _aValdivia, Aniceto.
_9160972
752 _aCuba -
_dLa Habana
852 _aES-MaACL
_jG-13499
_z- Enc. hol.
852 _aES-MaACL
_jG-13467
_z- Enc. pasta
856 _uhttp://bdh-rd.bne.es/viewer.vm?id=0000081340&page=1
_zBiblioteca Digital Hispánica
999 _c167123
_d167123